000 00435nam a22001817a 4500
003 OSt
008 240514b |||||||| |||| 00| 0 eng d
020 _a9386700573
082 _a615.1901 WAT
100 _aWALODE, Sanjay.G
245 _aPharmaceutical Analysis
250 _a10th
260 _aPune
_bNirali Pub
_c2023
300 _a14.8,p-16
650 _aPHARMACEUTICAL ANALYSIS-I
700 _aBushan, Bidya
942 _2ddc
_cBK
999 _c12693
_d12693